|
|
|
|
| LEADER |
00000nla2a2200000 4500 |
| 001 |
231831 |
| 005 |
20231031202928.0 |
| 035 |
|
|
|a (RuTPU)RU\TPU\book\252857
|
| 035 |
|
|
|a RU\TPU\book\252854
|
| 090 |
|
|
|a 231831
|
| 100 |
|
|
|a 20130206d2012 k y0rusy50 ca
|
| 101 |
0 |
|
|a rus
|
| 102 |
|
|
|a RU
|
| 105 |
|
|
|a y z 100zy
|
| 135 |
|
|
|a arnn ---uucaa
|
| 181 |
|
0 |
|a i
|
| 182 |
|
0 |
|a b
|
| 200 |
1 |
|
|a Влияние карбонатизации пород на локализацию углеводородов в разрезах Федоровского месторождения (по геофизическим данным)
|b Электронный ресурс
|f А. А. Беспалов
|g науч. рук. Г. Г. Номоконова
|
| 203 |
|
|
|a Текст
|c электронный
|
| 225 |
1 |
|
|a Геофизические методы исследования земли, поисков и разведки месторождений полезных ископаемых
|
| 230 |
|
|
|a 1 компьютерный файл (pdf; 582 Кб)
|
| 300 |
|
|
|a Заглавие с экрана
|
| 337 |
|
|
|a Adobe Reader
|
| 461 |
|
1 |
|0 (RuTPU)RU\TPU\book\252494
|t Проблемы геологии и освоения недр
|o труды XVI Международного симпозиума имени академика М. А. Усова студентов и молодых ученых, Томск, 2-7 апреля 2012 г.
|o в 2 т.
|f Национальный исследовательский Томский политехнический университет (ТПУ), Институт природных ресурсов (ИПР) ; Общество инженеров-нефтяников, Студенческий чаптер ; под ред. О. Г. Савичева
|d 2012
|
| 463 |
|
1 |
|0 (RuTPU)RU\TPU\book\252505
|t Т. 1
|v [С. 361-364]
|d 2012
|
| 610 |
1 |
|
|a труды учёных ТПУ
|
| 610 |
1 |
|
|a электронный ресурс
|
| 610 |
1 |
|
|a разрезы
|
| 610 |
1 |
|
|a геофизические исследования
|
| 610 |
1 |
|
|a скважины
|
| 700 |
|
1 |
|a Беспалов
|b А. А.
|
| 702 |
|
1 |
|a Номоконова
|b Г. Г.
|c геолог
|c доцент Томского политехнического университета, кандидат геолого-минералогических наук
|f 1942-
|g Галина Георгиевна
|2 stltpush
|4 727
|
| 801 |
|
2 |
|a RU
|b 63413507
|c 20130719
|g RCR
|
| 856 |
4 |
|
|u http://www.lib.tpu.ru/fulltext/c/2012/C11/V1/161.pdf
|
| 942 |
|
|
|c CF
|